Normal view
MARC view
- Anwar, Qudsia
Entry Personal Name
001 - CONTROL NUMBER
- control field: 97616
003 - CONTROL NUMBER IDENTIFIER
- control field: NUST
005 - DATE AND TIME OF LATEST TRANSACTION
- control field: 20220817103934.0
008 - FIXED-LENGTH DATA ELEMENTS
- fixed length control field: 220817|| aca||aabn | a|a d
040 ## - CATALOGING SOURCE
- Original cataloging agency: NUST
- Transcribing agency: NUST
100 ## - HEADING--PERSONAL NAME
- Personal name: Anwar, Qudsia
670 ## - SOURCE DATA FOUND
- Source citation: Work cat.: (NUST): Anwar, Qudsia , How to apply machine learning without programming? /
